| 000 | 01086nam a2200313 i 4500 | ||
|---|---|---|---|
| 003 | EG-GICUC | ||
| 005 | 20260421133934.0 | ||
| 008 | 260421s1947 fr fr|||| 00| 0 fre d | ||
| 040 |
_aEG-GiCUC _bfre _cEG-GiCUC _dEG-GiCUC _eRda |
||
| 041 | _afre | ||
| 082 | 0 | 4 |
_221 _a343 _bDO . P |
| 092 | 0 | 4 | _221 |
| 099 | _aLaw1 10 343 DO . P 1947 | ||
| 100 | 1 |
_a Donnedieu de Vabres, H. _eAuteur |
|
| 245 | 1 | 3 |
_aLe problème de l'enfance délinquante : _bl'enfant devant la loi et la justice pénales / _c publié sous la direction de H. Donnedieu de Vabres , Marc Ancel. |
| 264 | 1 |
_a Paris : _bLibrairie du Recueil Sirey, _c1947. |
|
| 300 |
_a207page; _c 24 cm. |
||
| 336 |
_2rda contenu _a texte |
||
| 337 |
_2rda medias _aOrdinateur |
||
| 338 |
_2 transporteur rda _a Ressource en ligne |
||
| 546 | _aTexte en français | ||
| 650 | 1 |
_aDroit pénal _2qrmak |
|
| 651 | 1 | _2qrmak | |
| 700 | 1 |
_aAncel, Marc _eCo-Auteur |
|
| 710 | 2 | _aInstitut de droit comparé (Paris). | |
| 856 | 4 | 0 | _uhttps://fll.law.cu.edu.eg/fulltext/bks/B10-10547.pdf |
| 905 | _a167 | ||
| 942 |
_2ddc _cBK _e21 _n0 |
||
| 999 |
_c72545 _d72545 |
||